| 000 | 00691nas a2200229 4500 | ||
|---|---|---|---|
| 001 | BR8002213 | ||
| 003 | BR-BrBNA | ||
| 005 | 20231205084259.0 | ||
| 007 | ta | ||
| 008 | 230509b bl.|||p| |||| 00| 00por d | ||
| 040 |
_aBR-BrBNA _bpor _cBiblioteca Nacional de Agricultura |
||
| 041 | _a(Pt) | ||
| 072 | _aK20 | ||
| 100 | 1 | _aStevens, C.D.M. | |
| 245 | 1 | _aProblemas e perspectivas do setor florestal brasileiro | |
| 650 | _aAdministracao florestal | ||
| 650 | _aReflorestamento | ||
| 650 | _aPolitica florestal | ||
| 773 | 0 |
_tRevista da Madeira (Brazil) _xISSN 0034-7582 _g(Aug 1980), v. 29(344) p. 17-22 _wBR8002213 |
|
| 909 |
_a202311 _bLúcia _c55 _dLúcia Elande |
||
| 942 |
_2AGRIS _n0 _cANA |
||
| 999 |
_c104242 _d104242 |
||